00930nam a2200265 i 450000100060000000300090000600500170001500700030003200800410003502000180007608000080009424501330010225000130023526000500024830000270029849000240032565000300034965000440037970000300042371000180045383000320047185200220050399900170052595201220054214321ES-MaACL20250807211600.0t|981210s1988 xxk |||| | eng d a0-85946-264-6 a39600aRetrieving women's history b: changing perceptions of the role of women in politics and society / cedited by S. Jay Kleinberg. a1st. ed. aOxford : bBerg ; aParis : bUnesco, c1988. aXII, 380 p. ; c22 cm.1 aComparative studies14aMujeres-xHistoria915289 7aMujeres en la política2embne91462031 aKleinberg, S. Jay.9682252 aUnesco.969990 aComparative studies9228503 aES-MaACLjL-21532 c14321d14321 00104070aATENEOMbATENEOMcDEPO2d2008-01-17eSCl0oL-21532p1014568r2023-02-23 00:00:00w2023-02-23yMONOGRAFIA